Loading...
| Literature - World | 2 | 6 | 0 | 0 | 90 | 34 | 105.25 | 2 | 2 | 16.47 | 31.44 |
| Literature - British | 1 | 6 | 2 | 0 | 65 | 63 | 106.14 | 1 | 4 | 12.79 | 31.14 |
| Literature - European | 3 | 3 | 3 | 1 | 60 | 34 | 103.17 | 0 | 4 | 12.55 | 30.40 |
| Literature - American | 1 | 5 | 2 | 0 | 55 | 32 | 90.00 | 0 | 3 | 16.13 | 28.98 |
| Beliefs | 0 | 3 | 1 | 1 | 25 | 101 | 114.67 | 0 | 1 | 2.50 | 6.45 |
| Social Science | 0 | 2 | 0 | 0 | 20 | 88 | 108.50 | 0 | 0 | 1.46 | 3.68 |
| History - World | 0 | 2 | 0 | 0 | 20 | 123 | 128.50 | 0 | 1 | 1.01 | 7.74 |
| Philosophy | 0 | 2 | 1 | 0 | 15 | 96 | 105.50 | 0 | 1 | 3.05 | 10.06 |
| History - Other | 0 | 1 | 0 | 0 | 10 | 101 | 101.00 | 0 | 0 | 4.81 | 3.33 |
| Other Academic | 0 | 1 | 0 | 0 | 10 | 93 | 93.00 | 0 | 0 | 4.83 | 12.12 |
| Fine Arts - Other Arts | 0 | 1 | 1 | 0 | 5 | 138 | 138.00 | 0 | 0 | 0.05 | 3.57 |
| History - European | 0 | 0 | 1 | 0 | -5 | 0.00 | 0 | 0 | 0.00 | 0.00 |